00359pab a2200133 454500008004000000100001800040245008600058260000900144300001200153362001100165650001400176700002000190773001500210180718b2001 xxu||||| |||| 00| 0 eng d aCornford, Tom aThe Bowman report, access and the recent reforms of the judicial review procedure c2001 ap.11-20 aSpring aJudiciary aSunkin, Maurice aPublic Law